Language Quiz

Random Language Quiz

SP II Chapter 8 Quiz Stats

 Plays Quiz not verified by Sporcle

Support Sporcle.
Go Orange.
Score 0/45 Timer 10:00
0 Plays Today
Ingles Espanol % Correct
hairpelo
92.8%
eyesojos
89.9%
headcabeza
88.5%
nosenariz
86.3%
mouthboca
84.9%
throatgarganta
80.6%
handsmanos
78.4%
stomachestomago
76.3%
sadtriste
76.3%
earsoidos
74.8%
armsbrazos
74.1%
fingersdedos
72.7%
kneesrodillas
72.7%
nervousnervioso
71.9%
chestpecho
71.2%
doctormedico
71.2%
feverfiebre
70.5%
neckcuello
69.8%
to believecreer
69.8%
legspiernas
65.5%
pharmacyfarmacia
65.5%
to sellvender
65.5%
sickenfermo
63.3%
Ingles Espanol % Correct
healthsalud
59.7%
coughtos
59.7%
I am speakingestoy hablando
59%
calm, chilltranquilo
57.6%
paindolor
57.6%
We are eatingestamos comiendo
57.6%
medicinemedicina
56.8%
to openabrir
56.8%
to hurt, to be painful todoler
55.4%
bodycuerpo
53.2%
flugripe
52.5%
tiredcansado
51.1%
pillspastilla
49.6%
You are livingestas viviendo
48.9%
to stay in bedguardar cama
48.2%
chillsescalofrios
48.2%
perscriptionreceta
46%
He knows a lot.El sabe mucho
42.4%
My throat hurts.me duele la garganta
41%
36.7%
I know my cousin.conozco a mi primo
36%
His arms hurtA el le duelen los brazos
25.2%

You're not logged in!

Compare scores with friends on all Sporcle quizzes.
OR
Log In

From the Vault

Queen Elizabeth II: A Life in Pictures

by tim_parr

Happy 90th Birthday to the Queen!
Remove Ads.
Support Sporcle.
Get the best of Sporcle when you Go Orange. This ad-free experience offers more features, more stats, and more fun while also helping to support Sporcle. Thank you for becoming a member.

Show Comments

Extras

Created Jan 23, 2013ReportNominate
Tags:Chapter, Español, Ingle

Top Quizzes Today


Score Distribution

Your Account Isn't Verified!

In order to create a playlist on Sporcle, you need to verify the email address you used during registration. Go to your Sporcle Settings to finish the process.

Report this User

Report this user for behavior that violates our Community Guidelines.

Details: